| 000 | 00337 a2200145 4500 | ||
|---|---|---|---|
| 001 | 178766 | ||
| 020 | _a | ||
| 040 | _cMagnum | ||
| 100 | _aLemelle, Carmem Alvarenga | ||
| 240 | 1 | 0 |
_aViagem pelo rio do sem fim _lpor |
| 245 | 1 | 0 | _aViagem pelo rio do sem fim |
| 362 | 0 | _a1899 | |
| 697 | _aMAGNITO: IJ/AVENTURA, CRIANCAS | ||
| 942 | _cBK | ||
| 999 |
_c178766 _d178766 |
||